[Event "94th ARG-ch Superior 2019"]
[Site "Buenos Aires"]
[Date "2019.09.17"]
[Round "2.5"]
[White "Valerga, Diego"]
[Black "Scarella, Enrique Alejandro"]
[Result "1-0"]
[WhiteElo "2418"]
[BlackElo "2302"]
[Annotator "TA"]
[PlyCount "111"]
[EventDate "2019.09.16"]
[EventType "tourn"]
[EventCountry "ARG"]

{[%evp 20,111,26,12,18,17,17,21,21,21,18,16,21,18,24,9,26,20,24,21,83,58,94,61,69,54,112,107,116,116,110,115,114,105,110,100,106,44,53,64,64,64,61,63,72,62,93,48,95,100,93,103,100,93,97,89,150,150,150,150,150,150,152,151,183,176,185,160,161,163,199,199,199,195,197,190,234,173,336,309,468,460,443,426,404,397,783,775,655,518,747,722,793,752]} 1. d4 Nf6 2. Nf3 d5 3. c4 dxc4 4. e3 Bg4 5. Bxc4 e6 6. h3 Bh5 7. Nc3 a6 8. O-O Nc6 9. Be2 Bd6 10. Bd2 O-O 11. Rc1 Qe7 {D22: Queen's Gambit Accepted: 3 Nf3 a6 4 e3} 12. Ne5 {Black must now prevent Nxc6.} (12. Nh4 Bxe2 13. Qxe2 Rad8 14. Nf3 Bb4 15. a3 Bxc3 16. Bxc3 Ne4 17. Qc2 Nxc3 18. Qxc3 Rd5 19. Rc2 {½-½ (113) Li,C (2744)-Krysa,L (2537) Tbilisi 2017}) 12... Bxe2 13. Nxc6 Bxd1 {The position is equal.} 14. Nxe7+ Bxe7 15. Rfxd1 {[#]} Rad8 $146 ({Predecessor:} 15... Rfc8) 16. Kf1 Rd7 17. Ke2 Rfd8 18. Na4 Ne4 19. Be1 b5 (19... Nf6 $11 {remains equal.}) 20. Nc3 Nf6 21. a3 Rc8 22. Na2 Nd5 (22... c5 $14) 23. Ba5 $16 Kf8 24. Rc6 Rd6 25. Rc2 Rd7 26. Rdc1 Ke8 27. Rc6 Rd6 28. Bb4 (28. R6c5 $16) 28... Rxc6 29. Rxc6 Nb6 30. Bxe7 Kxe7 $14 {[%mdl 4096] Endgame KRN-KRN} 31. Nb4 a5 32. Nd3 a4 33. Kd2 Nc4+ 34. Kc3 Kd7 {[#]} 35. Ra6 $1 Rb8 36. Nc5+ Kd8 37. b3 Nxa3 {[#]} ({Black should play} 37... axb3 38. Kxb3 Nb6) 38. Kb2 $1 $16 {[%cal Rb2a3]} ({Don't take} 38. bxa4 $6 bxa4 39. Rxa4 Nb5+ 40. Kc2 Nd6 $14) 38... b4 39. Rxa4 Rb6 40. Nd3 Nb5 41. Rxb4 f6 42. Ra4 Ke7 43. Ra8 Nd6 44. b4 h6 45. Kb3 Kf7 46. Nc5 Ke7 47. g4 Ne8 48. f4 h5 $2 (48... g5 49. fxg5 hxg5) 49. gxh5 $18 e5 (49... Rd6 $142 50. Kc3 f5) 50. fxe5 fxe5 51. dxe5 Rh6 52. Nd3 Rxh5 $2 (52... g5 53. hxg6 Rxh3) 53. Nf4 {White is clearly winning.} Rh6 {[#]} 54. h4 $1 Rc6 (54... Rxh4 55. Ng6+) 55. h5 Rh6 56. Ng6+ {Accuracy: White = 80%, Black = 37%.} 1-0

[Event "94th ARG-ch Superior 2019"]
[Site "Buenos Aires"]
[Date "2019.09.17"]
[Round "2.6"]
[White "Flores, Diego"]
[Black "Acosta, Pablo Ismael"]
[Result "1-0"]
[WhiteElo "2602"]
[BlackElo "2445"]
[Annotator "TA"]
[PlyCount "61"]
[EventDate "2019.09.16"]
[EventType "tourn"]
[EventCountry "ARG"]

{[%evp 17,61,31,21,0,53,52,75,0,0,0,25,24,22,20,79,79,78,74,72,70,80,81,87,87,93,37,71,24,28,31,52,55,458,482,581,554,1274,800,29993,2480,1528,958,29994,29995,29998,29991]} 1. d4 d5 2. c4 c6 3. Nf3 Nf6 4. Nc3 e6 5. Bg5 Nbd7 {[%cal Bb8d7,Bd7f8,Bf8e6][%mdl 32]} 6. cxd5 exd5 7. e3 Be7 8. Qc2 Nf8 9. Bd3 Ne6 10. h4 {D36: Queen's Gambit Declined: Exchange Variation: Main line (5 Bg5 c6 6 Qc2)} a5 $146 (10... h6 $11 11. Bxf6 Bxf6) ({Predecessor:} 10... Ng4 11. Bxe7 Qxe7 12. O-O-O Bd7 13. Kb1 h5 14. e4 dxe4 15. Bxe4 O-O 16. Bf5 Nh6 17. Bh7+ Kh8 {1-0 (73) Inarkiev,E (2686)-Zvjaginsev,V (2672) Cheliabinsk 2016}) 11. O-O-O $14 a4 {[%cal Ba5a4,Ba4a3][%mdl 32]} 12. Kb1 ({White should try} 12. a3 $16) 12... a3 $11 13. b3 $1 h6 14. Bxf6 $1 Bxf6 15. g4 g5 (15... Qe7 $11) 16. hxg5 $16 hxg5 17. Bf5 Rxh1 18. Rxh1 Qd6 19. Rh6 Bg7 20. Rh7 {aiming for Bxe6.} Kf8 21. Ne2 (21. Na4 $16) 21... c5 $1 $14 22. Ng3 {Threatens to win with Nh5.} cxd4 23. Nh5 $36 {[%mdl 2048] White is more active.} d3 $1 {[%cal Rd3c2]} 24. Bxd3 Be5 $2 {[%mdl 8192] [#]} ({Black should play} 24... Bb2 $1 $14) 25. Bg6 $1 $18 {[%mdl 512] Strongly threatening Qf5!} Nd8 (25... fxg6 26. Qxg6) 26. Nxe5 Be6 27. Bxf7 Bxf7 {[#]} 28. Rh8+ (28. Qf5 $142 $1 Qe6 29. Qxg5 Qxe5 {[%mdl 64] Remove Defender} 30. Qxe5 Bg6+ 31. Ka1 Nf7 {[#]} 32. Rh8+ $1 {[%mdl 576] Decoy} Nxh8 33. Qg7+ {[%mdl 64] Double Attack} Ke8 34. Nf6+ {[%mdl 64] Double Attack} Kd8 35. Qd7#) 28... Ke7 29. Nxf7 Qh2 30. Qc5+ {[%mdl 64] Double Attack} Kxf7 31. Qf8+ {Accuracy: White = 49%, Black = 36%.} 1-0

[Event "94th ARG-ch Superior 2019"]
[Site "Buenos Aires"]
[Date "2019.09.18"]
[Round "3.1"]
[White "Acosta, Pablo Ismael"]
[Black "Aguilar, Andres"]
[Result "0-1"]
[WhiteElo "2445"]
[BlackElo "2319"]
[Annotator "TA"]
[PlyCount "172"]
[EventDate "2019.09.16"]
[EventType "tourn"]
[EventCountry "ARG"]

{[%evp 15,205,12,21,9,17,13,13,12,16,8,18,9,19,14,25,0,414,2,36,37,29,44,53,54,43,30,55,49,52,14,14,13,14,14,17,14,2,0,0,0,0,0,0,0,0,0,0,0,0,0,0,0,0,0,0,0,3,3,3,3,77,0,2,1,10,43,50,65,292,297,255,287,283,277,312,312,411,411,411,384,432,416,428,410,418,129,143,0,408,388,323,186,152,157,200,196,198,159,122,66,66,8,618,618,521,487,380,8,8,8,8,8,1758,8,2022,1507,1448,1020,29961,29942,29954,29955,29958,29956,29981,29959,29985,29986,29986,29987,29987,29966,29967,29965,29969,29971,29968,0,29960,29959,29960,29963,29960,29959,29961,29960,29962,29962,29961,29963,29964,29967,29967,29961,29963,29965,29963,29963,29964,592,592,592,29973,29973,29974,29975,29973,29975,29973,29975,29976,29977,29976,29979,29980,29980,29979,29978,29978,29980,29980,29981,29981,29980,29979,29977,29977,29969,29994,29995,29995,29996]} 1. Nf3 Nf6 2. g3 g6 3. b4 Bg7 4. Bb2 O-O 5. Bg2 d6 6. O-O e5 7. c4 Nbd7 8. d3 Re8 9. Nfd2 {A15: English Opening: 1...Nf6} (9. Nbd2 Nf8 10. Qb3 Bd7 11. Rac1 a5 12. b5 Ne6 13. a4 Nc5 14. Qc2 Be6 15. Rfe1 Nfd7 16. Nb1 f5 {½-½ (48) Marin,M (2569)-Merry,A (2388) Douglas 2016}) 9... h5 10. h4 Nf8 $146 ({Predecessor:} 10... Nh7 11. e4 Ndf6 12. Nf3 Ng4 13. Bc1 Bf6 14. Nc3 c6 15. Qd2 Bg7 16. Ng5 Ngf6 {0-1 (31) Tolmacheva,E (1941)-Petrukhin,D (2378) Koltsovo 2006}) 11. Nc3 {The position is equal.} Ne6 12. Nce4 Ng4 13. Nf3 $1 f5 14. Neg5 e4 (14... Bh6 {seems wilder.} 15. Nxe6 Bxe6 16. e3 c6 17. a4 a6) 15. Nxe6 exf3 $4 {[%mdl 8192]} (15... Bxe6 $11 {and Black is okay.} 16. Bxg7 exf3 17. exf3 Nxf2 18. Rxf2 Kxg7) 16. exf3 $2 ({Inferior is} 16. Nxg7 fxg2 17. Kxg2 Re7 $15) ({White must play} 16. Nxd8 $18 fxg2 17. Kxg2) 16... Rxe6 (16... Bxe6 {keeps more tension.} 17. Bxg7 Nxf2 18. Rxf2 Kxg7 19. f4 c6) 17. Bxg7 Nxf2 18. Kxf2 Kxg7 19. f4 c6 20. Qd2 Qf6 {aiming for ...Qd4+.} 21. d4 Bd7 22. d5 Re7 23. Rae1 Rae8 24. Rxe7+ Rxe7 25. Rd1 {White wants to play dxc6.} cxd5 26. Qxd5 Be6 27. Qd4 Qxd4+ 28. Rxd4 $11 {[%mdl 4096] Endgame KRB-KRB} Rc7 29. Bf1 Kf7 30. Ke3 Ke7 31. a3 b6 32. Kd3 Bf7 33. Bg2 Be6 34. Kc3 b5 {[%cal Re6c4]} 35. Bf1 bxc4 36. Bg2 Kd7 37. Rd2 Rc8 (37... Ke7 $11) 38. Kd4 (38. b5 $16) 38... Re8 39. b5 {Bc6+ is the strong threat.} Re7 40. Bc6+ Kd8 41. Kc3 Bf7 $2 (41... Kc7 $14) 42. Rxd6+ $18 Kc7 43. Rf6 Re3+ 44. Kd2 $1 Rd3+ 45. Kc2 Bd5 46. Bxd5 Rxd5 {KR-KR} 47. Rc6+ Kb7 48. a4 Rd3 49. Rxg6 Ra3 50. Kb2 $2 (50. Rh6 $18) 50... Rb3+ $16 51. Kc2 $2 {[%mdl 8192]} (51. Kc1 $1 $16) 51... Ra3 $18 52. Rh6 Rxg3 53. Rxh5 (53. a5 $142) 53... Kb6 54. Rxf5 Ka5 55. b6+ $1 Kxb6 56. h5 Rh3 57. Rg5 (57. a5+ $1 $16 Kc6 58. a6) 57... Kc6 $14 58. f5 (58. Re5 $14) 58... Kd7 $2 {[%mdl 8192]} (58... Kd6 $11) 59. Rg7+ $18 Kd6 60. h6 Ke5 61. h7 $2 (61. Rxa7 $18 Rxh6 62. Kc3 Rh3+ 63. Kxc4) 61... a5 $11 62. Ra7 Kxf5 63. Rxa5+ Ke4 $2 {[%mdl 8192] [#]} (63... Ke6 $11) 64. Ra7 $2 (64. Rc5 $1 $18 {[%cal Rc5c7] And now Rc7 would win.} Kd4 65. Rc7) 64... Kd4 $2 {[%mdl 8192]} (64... Kd5 $11) 65. Rc7 $18 Rh2+ {[#]} 66. Kb1 $1 Kc3 67. a5 Rh1+ 68. Ka2 Rh2+ 69. Ka3 Rh1 70. Ka4 Kd3 71. a6 c3 72. a7 c2 73. Rxc2 Kxc2 {KR-KPP} 74. Kb4 Rh4+ 75. Kc5 Rh5+ 76. Kb4 Rh4+ 77. Ka3 Rh1 78. Ka2 Rxh7 79. a8=Q {KQ-KR} Rh2 80. Qb8 Re2 81. Qb5 Kc1+ 82. Ka1 Rc2 83. Qg5+ Rd2 84. Qf5 {[%csl Ga1][%cal Rf5b1]} Rc2 85. Qf4+ Rd2 86. Qe4 {[%csl Ga1][%cal Re4b1]} Rd3 {Played: Rd2-e2} 0-1

[Event "94th ARG-ch Superior 2019"]
[Site "Buenos Aires"]
[Date "2019.09.18"]
[Round "3.2"]
[White "Scarella, Enrique Alejandro"]
[Black "Flores, Diego"]
[Result "0-1"]
[WhiteElo "2302"]
[BlackElo "2602"]
[Annotator "TA"]
[PlyCount "58"]
[EventDate "2019.09.16"]
[EventType "tourn"]
[EventCountry "ARG"]

{[%evp 14,82,54,45,43,44,50,39,39,48,61,42,45,45,54,45,46,-4,69,33,42,0,0,0,0,-30,0,0,0,-17,-10,-20,27,-48,-56,-50,-50,-56,-76,-74,-65,-62,-55,-81,-16,-208,-204,-194,-225,-212,-227,-506,-493,-579,-552,-487,-189,-416,-181,-532,-536,-519,-520,-1239,-1239,-1430,-1409,-1906,-1189,-1150,-1127]} 1. d4 Nf6 2. c4 e6 3. Nf3 c5 4. Nc3 cxd4 5. Nxd4 a6 6. e4 Qc7 7. a3 b6 8. Be3 Bb7 {B41: Sicilian: Kan Variation: 5 c4} 9. f3 Be7 10. Be2 O-O {White is slightly better.} 11. Rc1 d6 12. O-O Nbd7 13. Qe1 (13. Qd2 Rac8 14. b4 Qb8 15. Kh1 Rfe8 16. Rfd1 h5 17. Bg5 Ne5 18. Na4 Ba8 19. Qe3 {½-½ (45) McShane,L (2688)-Grandelius,N (2691) Eskilstuna 2019}) 13... Rac8 14. Qf2 Qb8 15. Nb3 Bd8 (15... d5 $11) 16. Rfd1 $146 ({Predecessor:} 16. Nd2 Bc7 17. b4 d5 18. Qh4 Ne5 19. exd5 {0-1 (38) Mancini,G (2020)-Rosberg,S (2246) Gibraltar 2008}) 16... Bc7 17. Qh4 Ne5 18. Qh3 Ng6 19. Bd3 Ne5 20. Be2 Ng6 21. Bd3 Rfe8 22. f4 Rcd8 23. f5 (23. Nd4 $11) 23... exf5 $1 $15 24. exf5 Ne5 {[%cal Bg6e5,Be5g4,Bg4e3][%mdl 32] aiming for ...d5.} 25. Bg5 Neg4 {...d5 is the strong threat.} 26. Be2 h6 {Threatens to win with ...Rxe2.} 27. Bf4 $1 h5 $1 28. Qg3 b5 $1 {White must now prevent ...Qa7+.} 29. h3 $2 {[#]} (29. Bxg4 $1 $11 {and White is okay.} Qa7+ 30. Kh1 Nxg4 31. Nd4 (31. c5 $2 dxc5 32. Bxc7 c4 $17)) 29... Qa7+ {Played: Ng4-e3} 0-1

[Event "94th ARG-ch Superior 2019"]
[Site "Buenos Aires"]
[Date "2019.09.18"]
[Round "3.3"]
[White "Perez, Maximiliano"]
[Black "Valerga, Diego"]
[Result "0-1"]
[WhiteElo "2429"]
[BlackElo "2418"]
[Annotator "TA"]
[PlyCount "70"]
[EventDate "2019.09.16"]
[EventType "tourn"]
[EventCountry "ARG"]

{[%evp 15,70,12,16,-7,0,-22,-12,-16,-9,-34,-27,-79,-89,-123,-125,-138,-141,-167,-163,-175,-160,-161,-110,-131,-114,-123,-125,-158,-125,-137,-110,-110,-66,-80,-75,-222,-100,-150,-164,-148,-137,-158,-134,-423,-407,-436,-436,-435,-435,-522,-512,-625,-604,-1464,-1409,-1516,-1435]} 1. e4 e6 2. d4 d5 3. Nd2 c5 4. Ngf3 cxd4 5. Nxd4 Nc6 6. Bb5 Bd7 7. Nxc6 Bxc6 8. Bxc6+ bxc6 9. O-O {C07: French Tarrasch: 3...c5, 4 Ngf3 and 4 exd5 Qxd5} (9. c4 Qa5 10. O-O Nf6 11. Qc2 Qa6 12. a3 Be7 13. b4 O-O 14. Rb1 Nxe4 15. Nxe4 dxe4 16. Qxe4 Bf6 {½-½ (61) Ragger,M (2696)-Stojanovic,M (2509) Switzerland 2019}) 9... Nf6 10. Qf3 Qc7 11. c4 $146 {The position is equal.} ({Predecessor:} 11. Re1 Bd6 12. h3 O-O 13. b3 Rfe8 14. Bb2 e5 15. Re2 Re6 16. Rae1 Rae8 {0-1 (41) Seppeur,R (2295)-Lobron,E (2485) Germany 1986}) 11... Bd6 12. Kh1 O-O 13. b3 (13. cxd5 $11 {keeps the balance.} cxd5 14. exd5) 13... d4 $36 {[%mdl 2048] Black is really pushing.} 14. Re1 a5 15. Bb2 e5 ({Weaker is} 15... Bxh2 16. g3 $16 (16. Bxd4 Be5 $11)) 16. Nf1 {[%cal Bd2f1,Bf1g3,Bg3e2][%mdl 32]} Nd7 17. Ng3 g6 18. Bc1 Rfe8 ({Black should play} 18... Rfb8 $19 19. Rd1 a4) 19. Rb1 Bf8 20. Bd2 Reb8 21. h4 h5 22. Ne2 Qd8 23. g3 a4 24. b4 $1 c5 {[%cal Rc5b4]} 25. a3 (25. b5 $17 {only move.}) 25... Qe7 (25... cxb4 $19 {is more deadly.} 26. axb4 a3) 26. Kg2 Qe6 27. Qd3 cxb4 28. axb4 a3 {And now ...a2 would win.} 29. Rb3 $2 {[%mdl 8192]} (29. c5 $17) 29... Nb6 $19 30. Rxa3 Rxa3 {Black is clearly winning.} 31. Qxa3 Nxc4 {[%mdl 64] [#] Double Attack} 32. Qa7 Rd8 33. Rd1 Qc6 34. f3 Ra8 35. b5 Qc8 {Accuracy: White = 22%, Black = 57%.} (35... Rxa7 $2 36. bxc6 Rc7 37. f4 $17) 0-1

[Event "94th ARG-ch Superior 2019"]
[Site "Buenos Aires"]
[Date "2019.09.18"]
[Round "3.4"]
[White "Krysa, Leandro"]
[Black "Peralta, Fernando"]
[Result "1/2-1/2"]
[WhiteElo "2519"]
[BlackElo "2566"]
[Annotator "TA"]
[PlyCount "63"]
[EventDate "2019.09.16"]
[EventType "tourn"]
[EventCountry "ARG"]

{[%evp 11,63,13,10,18,14,21,13,21,16,16,24,22,14,14,26,28,35,38,22,32,56,43,41,29,20,16,31,30,31,25,53,44,40,58,93,39,32,0,0,0,0,-6,23,8,8,8,8,8,8,8,7,5,10,10]} 1. c4 e6 2. Nc3 Bb4 3. Nf3 Nf6 4. Qc2 O-O 5. a3 Bxc3 6. Qxc3 d6 7. b4 {A17: English Opening: 1...Nf6 with ...Bb4} a5 8. Bb2 e5 9. e3 Bg4 10. Be2 $146 ({Predecessor:} 10. h3 Bh5 11. d3 axb4 12. axb4 Rxa1+ 13. Bxa1 Nbd7 14. Be2 {1-0 (49) Ruck,R (2561)-Kristjansson,S (2458) Heraklio 2007}) 10... axb4 11. axb4 Rxa1+ 12. Bxa1 Nbd7 13. d3 Qe7 14. h3 Bh5 15. O-O b6 16. Bb2 Ra8 17. Re1 h6 18. Bd1 Qe8 19. g4 Bg6 20. Nh4 Bh7 21. f4 Qe7 22. Ng2 c5 23. bxc5 ({White should play} 23. b5 $16) 23... Nxc5 $14 24. Bc2 h5 25. g5 Ne8 26. Kh2 Ra2 27. Ra1 Rxa1 {The position is equal.} 28. Bxa1 {[%cal Rf4e5]} exf4 29. exf4 Qe2 30. Qe1 Qxe1 31. Nxe1 Nc7 32. Kg3 {Accuracy: White = 63%, Black = 62%.} 1/2-1/2

[Event "94th ARG-ch Superior 2019"]
[Site "Buenos Aires"]
[Date "2019.09.18"]
[Round "3.5"]
[White "Tristan, Leonardo"]
[Black "Dolezal, Cristian"]
[Result "1-0"]
[WhiteElo "2509"]
[BlackElo "2414"]
[Annotator "TA"]
[PlyCount "123"]
[EventDate "2019.09.16"]
[EventType "tourn"]
[EventCountry "ARG"]

{[%evp 15,123,6,12,0,13,0,0,0,0,0,0,0,12,-27,35,0,0,-29,-15,-32,-33,-15,-21,-64,-59,-102,-100,-177,-96,-137,-118,-122,-78,-77,-57,-50,-12,-12,-11,-14,-13,-13,-13,-33,0,-72,-43,-52,14,0,0,0,0,0,3,6,347,345,327,344,364,360,358,349,348,289,264,253,250,254,262,193,217,226,440,439,433,431,618,551,657,603,938,901,868,943,1057,1001,759,677,803,783,1402,1387,29971,29973,29972,29974,29973,29974,29975,29976,29976,29977,29977,29978,29979,29980,29981,29982]} 1. d4 Nf6 2. c4 d6 3. Nc3 c6 4. e4 e5 5. Nf3 Bg4 6. dxe5 Bxf3 7. gxf3 dxe5 8. Qxd8+ Kxd8 9. Rg1 {A53: Old Indian Defence without Nf3} (9. Be3 Kc7 10. O-O-O g6 11. Bh3 Nbd7 12. Kc2 Rd8 13. Bg5 Be7 14. Bh6 Nh5 15. Rd2 Nc5 16. Rhd1 Rxd2+ 17. Rxd2 {0-1 (60) Banikas,H (2633)-Jobava,B (2695) Warsaw 2013}) 9... Kc7 $146 ({Predecessor:} 9... g6 10. Bg5 Be7 11. f4 Nfd7 12. Bxe7+ Kxe7 13. fxe5 Nxe5 14. Be2 a5 15. f4 Ned7 16. b3 Nc5 {0-1 (28) Santner,T (2230)-Kuempers,U (2147) Bad Woerishofen 2003}) 10. f4 Nbd7 11. Be3 {The position is equal.} g6 12. fxe5 Nxe5 {Hoping for ...Nf3+.} 13. O-O-O Re8 14. Be2 h5 (14... Ned7 $11) 15. h3 ({Much worse is} 15. Bxa7 b6 $15) 15... Ned7 {[%cal Be5d7,Bd7c5,Bc5e6][%mdl 32]} 16. Bf4+ ({Don't blunder} 16. Bxa7 $2 b6 $19) 16... Kc8 17. f3 h4 18. Kc2 Nh5 19. Be3 Bc5 20. Bxc5 Nxc5 21. Rg5 (21. Rg4 $17 {is a better defense.}) 21... b6 (21... Ne6 $19 22. Ra5 Kb8) 22. b4 Ne6 23. Rg4 Nf6 24. Rgg1 Nf4 25. Bf1 N6h5 26. Rg4 f6 27. Rxh4 g5 28. Rg4 Ng6 29. c5 Ne5 30. Rg2 (30. b5 $11 {keeps the balance.}) 30... Nf4 31. Rgd2 Rd8 ({Better is} 31... bxc5 $1 $15 32. bxc5 Kb7) 32. Rd6 $36 {[%mdl 2048] White fights for an advantage.} Rxd6 33. Rxd6 bxc5 34. bxc5 Rf8 35. Ne2 Nfd3 $2 {[%mdl 8192]} (35... Nxe2 $11 36. Bxe2 Kc7) 36. Rxd3 $18 Nxd3 37. Kxd3 Kd7 38. Nd4 Rb8 39. Kc3 Rb1 40. Bc4 Rc1+ 41. Kd3 Rd1+ 42. Ke3 Rc1 43. Bd3 Ra1 44. Ba6 Rxa2 $2 {[#]} (44... Rc1 45. f4 gxf4+ 46. Kxf4 Rxc5) 45. Bb7 $1 {[%cal Rb7c6]} Ra3+ {[#]} 46. Kd2 $1 Ra2+ (46... Kc7 $142) 47. Kc3 Ra3+ 48. Kb4 Rd3 49. Kc4 Rd1 50. Bxc6+ Kc7 51. Ba4 Ra1 52. Nb5+ Kb8 53. Nc3 Rf1 54. Nd5 Rxf3 55. Bd7 {White mates.} Rf1 56. c6 Rc1+ 57. Kb5 Rc2 58. c7+ Rxc7 59. Nxc7 Kxc7 60. Bf5 Kb7 61. Kc5 Kc7 62. Kd5 {Accuracy: White = 60%, Black = 54%.} 1-0

[Event "94th ARG-ch Superior 2019"]
[Site "Buenos Aires"]
[Date "2019.09.18"]
[Round "3.6"]
[White "Pichot, Alan"]
[Black "Bitelmajer, Martin"]
[Result "1/2-1/2"]
[WhiteElo "2600"]
[BlackElo "2469"]
[Annotator "TA"]
[PlyCount "93"]
[EventDate "2019.09.16"]
[EventType "tourn"]
[EventCountry "ARG"]

{[%evp 27,93,20,15,20,39,34,21,20,23,17,18,10,20,8,17,-50,-45,-52,-52,-71,-71,-87,-71,-67,-66,-70,-79,-92,-51,-79,-15,0,0,-40,0,0,0,0,0,0,11,35,86,9,81,78,75,0,0,0,0,0,0,0,0,-160,-162,-203,-170,-170,-170,-170,-170,-170,-65,-170,-163,-163]} 1. e4 e5 2. Nf3 Nc6 3. Bb5 a6 4. Ba4 Nf6 5. O-O Be7 6. Re1 b5 7. Bb3 d6 8. c3 O-O 9. h3 Na5 10. Bc2 c5 11. d4 Nd7 12. Nbd2 exd4 13. cxd4 Nc6 14. d5 Nce5 15. a4 {C96: Closed Ruy Lopez: Chigorin Defence: 11 d4, replies other than 11...Qc7} Bb7 16. Nxe5 Nxe5 17. f4 {The position is equal.} Ng6 18. Nf3 Bf6 {[#]} 19. Ra2 $146 ({Predecessor:} 19. g3 Qd7 20. Kg2 Rfe8 21. Ra3 Bd8 22. h4 Nf8 {0-1 (56) Sutovsky,E (2628)-Anton Guijarro,D (2650) Caleta 2017}) 19... Re8 20. Be3 b4 21. Nd2 (21. b3 $11) 21... Bh4 $15 22. Re2 Bg3 23. Qf1 Qh4 24. Nf3 Qf6 25. f5 Nf4 26. Bxf4 $1 Bxf4 27. Bd3 a5 28. Kh1 Bg3 (28... g6 $17 {...gxf5 is the strong threat.} 29. g4 gxf5 30. gxf5 Kh8) 29. Nd2 $1 $11 h5 30. Bb5 Re7 31. b3 h4 32. Nc4 Qg5 33. Rad2 Be5 34. Rd3 f6 (34... Ba6 $14) 35. Rf3 (35. Nxe5 $16 Rxe5 36. Rf3) 35... Ba6 (35... Bg3 $11 {remains equal.}) 36. Bxa6 $1 $16 Rxa6 37. Qd1 ({White should try} 37. Nxe5 $16 Rxe5 38. Rf4) 37... Ra8 $40 {[%mdl 128] Black has some attack.} 38. Qd2 (38. Kg1 {looks sharper.} Bg3 39. Qc2 Bf4 40. Re1 Bg3 41. Re2) 38... Qxd2 39. Rxd2 Rae8 40. Re2 Bg3 41. Nd2 $2 (41. Kg1 $11) 41... Re5 $1 $17 {[%cal Re5d5] White must now prevent ...Rxd5!} 42. Ree3 {[#]} g5 $1 43. Kg1 Bf4 44. Kf2 Bxe3+ 45. Rxe3 {[#]} Kf8 (45... c4 $1 $19 {Threatens to win with ...c3.} 46. bxc4 R5e7) 46. Ke2 (46. Kf3 $1 $15) 46... R5e7 47. Kf3 {Accuracy: White = 56%, Black = 46%.} 1/2-1/2

[Event "94th ARG-ch Superior 2019"]
[Site "Buenos Aires"]
[Date "2019.09.19"]
[Round "4.1"]
[White "Aguilar, Andres"]
[Black "Bitelmajer, Martin"]
[Result "0-1"]
[WhiteElo "2319"]
[BlackElo "2469"]
[Annotator "TA"]
[PlyCount "118"]
[EventDate "2019.09.16"]
[EventType "tourn"]
[EventCountry "ARG"]

{[%evp 20,118,13,16,15,12,22,22,20,9,18,14,16,22,21,18,10,10,12,12,14,7,0,0,14,1,17,-5,18,28,46,8,11,12,28,14,8,8,9,0,12,0,0,-7,-7,-10,-6,-17,-6,-34,-12,-7,0,-32,0,-107,-126,-164,-164,-159,-158,-127,0,-451,-133,-169,-151,-153,-156,-128,-110,-105,-91,-126,-153,-271,-270,-253,-257,-249,-258,-248,-233,-277,-257,-274,-237,-591,-609,-610,-587,-528,-536,-29966,-29966,-29985,-29986,-29986,-29987,-29987,-29980]} 1. Nf3 c5 2. e4 d6 3. d4 cxd4 4. Nxd4 Nf6 5. Nc3 a6 6. Be3 e5 7. Nb3 Be7 8. f3 h5 ({Predecessor:} 8... Be6 9. Qd2 {½-½ (49) Salih,A (2274)-Ajay,K (2213) Abu Dhabi 2019}) 9. Qd2 Be6 10. O-O-O Nbd7 11. Kb1 b5 {B90: Sicilian Najdorf: Unusual White 6th moves, 6 Be3 Ng4 and 6 Be3 e5} 12. Nd5 Bxd5 13. exd5 Nb6 {The position is equal.} 14. Bxb6 Qxb6 15. Na5 Rc8 16. Nc6 $146 (16. Bd3 b4 17. Nc4 Qb7 18. Qe2 Rc5 19. f4 Nxd5 {0-1 (49) Akopian,V (2650)-Yakubboev,N (2574) Abu Dhabi 2019}) 16... Nxd5 17. Nxe7 Nxe7 18. Qxd6 Qxd6 19. Rxd6 Nc6 $1 20. Rd2 Ke7 21. Bd3 g6 22. Rhd1 Rc7 23. Be4 Nb8 24. c3 Rd7 25. Bc2 Rxd2 26. Rxd2 $11 {[%mdl 4096] Endgame KRB-KRN} Nd7 27. a4 bxa4 28. Bxa4 Nb6 29. Bb3 Rc8 30. Rd3 Rc5 31. Bd1 a5 32. Be2 Nd5 33. Rd2 f5 34. Ba6 h4 35. Bd3 Kf6 36. Bc2 Ne3 37. Bb3 (37. Re2 $11 {keeps the balance.} Nd5 38. Rd2) 37... Kg5 $1 $17 38. Bf7 Rc7 39. Be8 Re7 40. Bc6 {[#]} Rc7 ({Black should play} 40... Re6 $1 $17 {[%cal Re6c6]} 41. Ba4 Kf4) 41. Bd5 $2 {[%mdl 8192]} (41. Be8 $1 $11) 41... Rc8 $2 (41... Rd7 $19 42. c4 {[#]} Nxc4 $1 {[%mdl 512]}) 42. Bf7 Rf8 43. Bb3 Kf4 44. Rf2 h3 45. g3+ Kg5 46. Ba4 f4 47. Bd7 (47. gxf4+ $17 {was the only defense.} Kxf4 48. Bd7) 47... fxg3 $19 48. hxg3 {[#]} Rxf3 $1 {[%mdl 512]} 49. Rh2 (49. Rxf3 h2) 49... Nf5 50. Rxh3 e4 (50... Rxg3 51. Rxg3+ Nxg3 52. b4 $15) ({Don't play} 50... Nxg3 51. Rh8 $17) 51. Bc6 Rf1+ ({Weaker is} 51... Rxg3 52. Rxg3+ Nxg3 53. b4 $15) ({Much less strong is} 51... Nxg3 52. Kc2 $17) 52. Kc2 e3 {Hoping for ...e2.} 53. Kd3 $2 (53. Bb5 Rf2+ 54. Kc1) 53... Rd1+ 54. Ke2 Rd2+ 55. Ke1 {Now g4 and White clings on.} Rxb2 56. Be4 a4 {[%cal Ba5a4,Ba4a3,Ba3a2][%mdl 32] Black mates.} 57. g4 a3 58. Bd5 Kxg4 59. Rh8 a2 {Accuracy: White = 40%, Black = 55%.} 0-1